000 00987nam a2200217Ii 4500
003 JO-AjNU
008 230605s9999||||xx |||||||||||||| ||und||
017 _a2010/8031
040 _aJO-AjNU
_bara
_erda
_cJO-AjNU
041 _aara
050 1 4 _aK845.E44.S8763.2010
100 3 _a السوسوة، مجد الدين محمد إسماعيل ,
_eauthor
_944697
245 0 0 _aإبرام عقد البيع عبر الإنترنت " دراسة مقارنة بين القوانين الوضعية والفقة الإسلامي "
250 _aط1
264 3 1 _aد ، م : مجد الدين محمد اسماعيل السوسوة ، 2010
300 _a850ص
336 _atext
_btxt
_2rdacontent
337 _aunmediated
_bn
_2rdamedia
338 _avolume
_bnc
_2rdacarrier
650 4 _aالعقود الالكترونية - قوانين وتشريعات - التجارة الالكترونية -- ( فقة اسلامي ) -- العقود التجارية ( فقة اسلامي )
_944698
999 _aA19319
_c22887
_d22887